• 首页
  • 本馆介绍
  • 公告通知
  • 最新文献
  • 馆藏检索
  • 电子资源
  • 读者导购
  • 参考咨询
  • 我的图书馆
  • 登录
  • 详细信息显示
  • 放入我的书架
  • 预约/预借图书
  • 作者相关作品
  • 分类相关作品
  • 丛书相关作品
  • 出版社相关作品

书目信息

  • 表格格式
  • 工作单格式
  • 卡片格式
题名:
毒理学基础
    
 
作者: 克拉森 沃特金斯 ;李焕德 译
分册:  
出版信息: 长沙   湖南科学技术出版社  2006
页数: 638
开本: 26cm
丛书名:
单 册:
中图分类: R99
科图分类:
主题词: 毒理学
电子资源:
ISBN: 7-5357-4461-3
000 00585nam0 2200193 450
001 0741144344
005 20070817112544.34
010    @a7-5357-4461-3@d¥70.00
100    @a20070817d km y0chiy0120 ea
101 0  @achi
200 1  @a毒理学基础@Adu li xue ji chu@f克拉森 沃特金斯@Fke la sen wo te jin si@g李焕德译@Gli huan de yi
210    @a长沙@c湖南科学技术出版社@d2006
215    @a638@d26cm
606 0  @a毒理学
690    @aR99@v3
701  0 @a克拉森 沃特金斯@Ake la sen wo te jin si
702  0 @a李焕德@Ali huan de@4译
801  0 @aCN@bPFT@c20070817
905    @a213230@dR99@en2@f1
    
    毒理学基础/克拉森 沃特金斯/李焕德译.-长沙:湖南科学技术出版社,2006
    638;26cm
    
    
    ISBN 7-5357-4461-3:¥70.00
    
●
相关链接 在E读中查询图书 在五车中查询图书 在当当中查询图书 在豆瓣中查询图书


正题名:毒理学基础     索取号:R99/n2         预约/预借

序号 登录号 条形码 馆藏地/架位号 状态 备注
1 6601512   266015126   密集书库-生命科学系/ [索取号:R99/n2] 在馆    
唐山师范学院图书馆 欢迎您!
大连网信软件有限公司© 版权所有